[Event "US Amateur Team West Championship"]
[Site "chess24.com"]
[Date "2020.02.16"]
[Round "3"]
[White "Doyle, Bryon"]
[Black "Sivakumar, Shaaketh"]
[Result "1/2-1/2"]
[Board "4"]
[WhiteFideId "2053136"]
[WhiteElo "2043"]
[WhiteCountry "USA"]
[WhiteEloChange "-5"]
[BlackFideId "30940176"]
[BlackElo "1870"]
[BlackCountry "USA"]
[BlackEloChange "5"]

1. e4 {[%clk 1:59:36]} e6 {[%clk 1:59:48]} 2. Nf3 {[%clk 1:58:59]} d5 {[%clk
1:59:46]} 3. e5 {[%clk 1:58:59]} c5 {[%clk 1:59:46]} 4. b4 {[%clk 1:58:59]} c4
{[%clk 1:59:28]} 5. c3 {[%clk 1:58:41]} Nd7 {[%clk 1:55:48]} 6. d4 {[%clk
1:58:04]} Qc7 {[%clk 1:51:11]} 7. Be2 {[%clk 1:55:40]} b6 {[%clk 1:50:44]} 8. O-O
{[%clk 1:55:22]} Bb7 {[%clk 1:50:44]} 9. a4 {[%clk 1:53:57]} a6 {[%clk 1:50:27]}
10. Na3 {[%clk 1:44:08]} O-O-O {[%clk 1:49:27]} 11. Ne1 {[%clk 1:41:52]} Be7
{[%clk 1:46:47]} 12. f4 {[%clk 1:41:40]} f5 {[%clk 1:46:39]} 13. Nf3 {[%clk
1:33:55]} Nh6 {[%clk 1:41:28]} 14. Nc2 {[%clk 1:28:18]} Nf7 {[%clk 1:41:23]} 15.
Ne3 {[%clk 1:22:39]} g6 {[%clk 1:40:54]} 16. g4 {[%clk 1:15:30]} Rdg8 {[%clk
1:39:35]} 17. g5 {[%clk 1:09:09]} h6 {[%clk 1:39:03]} 18. h4 {[%clk 1:09:06]} h5
{[%clk 1:37:57]} 19. Rf2 {[%clk 1:05:50]} Kd8 {[%clk 1:36:56]} 20. Nh2 {[%clk
1:05:39]} Ke8 {[%clk 1:36:51]} 21. Nhf1 {[%clk 1:05:33]} Kf8 {[%clk 1:36:21]} 22.
Ng3 {[%clk 1:05:07]} Rh7 {[%clk 1:33:55]} 23. Bd2 {[%clk 0:56:24]} Nd8 {[%clk
1:33:02]} 24. Rh2 {[%clk 0:56:02]} Rgh8 {[%clk 1:32:35]} 25. Kf2 {[%clk 0:54:55]}
Kg7 {[%clk 1:31:42]} 26. Bf3 {[%clk 0:53:52]} Nf8 {[%clk 1:31:05]} 27. Qe2 {[%clk
0:52:46]} Qc8 {[%clk 1:24:53]} 28. Bg2 {[%clk 0:50:00]} Kg8 {[%clk 1:23:19]} 29.
Bh3 {[%clk 0:49:57]} Rf7 {[%clk 1:22:51]} 30. Qd1 {[%clk 0:48:58]} Qd7 {[%clk
1:22:32]} 31. Qc2 {[%clk 0:48:02]} Bc8 {[%clk 1:22:18]} 32. Bf1 {[%clk 0:46:24]}
Bb7 {[%clk 1:22:00]} 33. Be2 {[%clk 0:45:11]} Qc8 {[%clk 1:21:32]} 34. Qd1 {[%clk
0:43:41]} Rfh7 {[%clk 1:21:29]} 35. Qb1 {[%clk 0:43:08]} Rf7 {[%clk 1:20:23]} 36.
Bf3 {[%clk 0:39:51]} Qd7 {[%clk 1:19:02]} 37. Qd1 {[%clk 0:36:57]} Rfh7 {[%clk
1:18:43]} 38. Qh1 {[%clk 0:35:25]} Rf7 {[%clk 1:16:42]} 39. Bc1 {[%clk 0:33:53]}
Rfh7 {[%clk 1:13:42]} 40. Kg1 {[%clk 0:33:05]} Rf7 {[%clk 1:13:40]} 41. Rha2
{[%clk 0:32:33]} Bc6 {[%clk 1:09:37]} 42. Ngf1 {[%clk 0:24:25]} Bb7 {[%clk
1:09:19]} 43. Nd2 {[%clk 0:24:16]} Qc7 {[%clk 1:07:20]} 44. Qg2 {[%clk 0:21:26]}
Rhh7 {[%clk 1:06:22]} 45. Qf1 {[%clk 0:18:21]} Nd7 {[%clk 1:05:02]} 46. Qe2
{[%clk 0:17:35]} Bf8 {[%clk 1:03:26]} 47. Ndf1 {[%clk 0:16:09]} Be7 {[%clk
0:00:17]} 48. Ng3 {[%clk 0:16:05]} Nf8 {[%clk 0:09:58]} 49. Bxh5 {[%clk 0:07:29]}
Ba8 {[%clk 1:01:46]} 1/2-1/2

[Event "US Amateur Team West Championship"]
[Site "chess24.com"]
[Date "2020.02.16"]
[Round "3"]
[White "Bick, Gabriel James Koop"]
[Black "Sevillano, Enrico"]
[Result "0-1"]
[Board "1"]
[WhiteFideId "2084058"]
[WhiteElo "2397"]
[WhiteCountry "USA"]
[WhiteEloChange "-9"]
[BlackFideId "5200156"]
[BlackTitle "GM"]
[BlackElo "2447"]
[BlackCountry "USA"]
[BlackEloChange "4"]

1. e4 {[%clk 1:59:36]} c6 {[%clk 1:59:39]} 2. d4 {[%clk 1:59:31]} d5 {[%clk
1:59:38]} 3. e5 {[%clk 1:59:30]} g6 {[%clk 1:56:55]} 4. Nf3 {[%clk 1:58:46]} Bg7
{[%clk 1:51:29]} 5. Bd3 {[%clk 1:57:32]} Nh6 {[%clk 1:51:12]} 6. O-O {[%clk
1:55:44]} O-O {[%clk 1:50:49]} 7. Re1 {[%clk 1:48:38]} b6 {[%clk 1:30:00]} 8. Bf4
{[%clk 1:39:39]} Kh8 {[%clk 1:29:08]} 9. c4 {[%clk 1:14:20]} Na6 {[%clk 1:26:05]}
10. Qd2 {[%clk 1:10:26]} Ng8 {[%clk 1:25:29]} 11. cxd5 {[%clk 0:59:36]} cxd5
{[%clk 1:24:57]} 12. h4 {[%clk 0:48:22]} Nc7 {[%clk 0:49:15]} 13. h5 {[%clk
0:41:58]} gxh5 {[%clk 0:49:15]} 14. Bxh7 {[%clk 0:33:43]} Kxh7 {[%clk 0:38:59]}
15. Qc2+ {[%clk 0:33:14]} Kh8 {[%clk 0:38:59]} 16. Ng5 {[%clk 0:32:49]} f5 {[%clk
0:38:59]} 17. exf6 {[%clk 0:32:41]} Nxf6 {[%clk 0:38:59]} 18. Bxc7 {[%clk
0:22:57]} Qd7 {[%clk 0:38:41]} 19. Be5 {[%clk 0:11:55]} Qf5 {[%clk 0:36:32]} 20.
Qxf5 {[%clk 0:11:23]} Bxf5 {[%clk 0:36:31]} 21. Nc3 {[%clk 0:10:39]} Rac8 {[%clk
0:25:56]} 22. Nf3 {[%clk 0:08:29]} e6 {[%clk 0:19:18]} 23. Nh4 {[%clk 0:07:21]}
Bh7 {[%clk 0:15:36]} 24. Re2 {[%clk 0:03:49]} Ne4 {[%clk 0:06:05]} 25. Bxg7+
{[%clk 0:02:50]} Kxg7 {[%clk 0:06:05]} 26. Nxe4 {[%clk 0:02:47]} dxe4 {[%clk
0:05:04]} 27. Rd1 {[%clk 0:02:24]} Rfd8 {[%clk 0:04:30]} 28. g3 {[%clk 0:01:50]}
Rd5 {[%clk 0:04:18]} 29. Red2 {[%clk 0:01:02]} Rcd8 {[%clk 0:04:10]} 30. Rc1
{[%clk 0:00:50]} e5 {[%clk 0:01:58]} 31. Rc7+ {[%clk 0:00:50]} Kh8 {[%clk
0:01:47]} 32. Rdc2 {[%clk 0:00:24]} exd4 {[%clk 0:01:47]} 33. Rxa7 {[%clk
0:00:23]} Rc5 {[%clk 0:00:52]} 34. Rd2 {[%clk 0:00:06]} d3 {[%clk 0:00:52]} 35.
Ng2 {[%clk 0:00:01]} Rc2 {[%clk 0:00:52]} 36. Rd1 {[%clk 0:00:01]} Rxb2 {[%clk
0:00:42]} 37. Kf1 {[%clk 0:00:01]} Rf8 {[%clk 0:00:26]} 38. Nf4 {[%clk 0:00:01]}
h4 {[%clk 0:00:26]} 39. Kg2 {[%clk 0:00:01]} hxg3 {[%clk 0:00:26]} 40. Kxg3
{[%clk 0:00:01]} Rg8+ {[%clk 0:00:26]} 41. Kh4 {[%clk 0:00:01]} Rxf2 {[%clk
0:00:26]} 42. Nh3 {[%clk 0:00:01]} Rf6 {[%clk 0:00:26]} 43. Ng5 {[%clk 0:00:01]}
Rh6+ {[%clk 0:00:26]} 44. Kg4 {[%clk 0:00:01]} Rg7 {[%clk 0:00:15]} 45. Ra8+
{[%clk 0:00:01]} Bg8 {[%clk 0:00:15]} 46. Kf4 {[%clk 0:00:01]} Rh4+ {[%clk
0:00:14]} 0-1

[Event "US Amateur Team West Championship"]
[Site "chess24.com"]
[Date "2020.02.16"]
[Round "3"]
[White "Viswanathan, Arul"]
[Black "Jirasek, Ladia"]
[Result "0-1"]
[Board "2"]
[WhiteFideId "2080559"]
[WhiteElo "1837"]
[WhiteCountry "USA"]
[WhiteEloChange "-2"]
[BlackFideId "2094398"]
[BlackTitle "IM"]
[BlackElo "2383"]
[BlackCountry "USA"]
[BlackEloChange "2"]

1. d4 {[%clk 2:00:00]} Nf6 {[%clk 2:00:00]} 2. Bf4 {[%clk 1:59:59]} g6 {[%clk
2:00:00]} 3. Nc3 {[%clk 1:59:57]} d5 {[%clk 2:00:00]} 4. e3 {[%clk 1:59:56]} Bg7
{[%clk 1:59:56]} 5. Nf3 {[%clk 1:59:40]} O-O {[%clk 1:59:31]} 6. Be2 {[%clk
1:59:35]} c5 {[%clk 1:58:52]} 7. Ne5 {[%clk 1:59:16]} Nc6 {[%clk 1:57:25]} 8. O-O
{[%clk 1:57:40]} cxd4 {[%clk 1:54:24]} 9. exd4 {[%clk 1:57:38]} Qb6 {[%clk
1:51:41]} 10. Nxc6 {[%clk 1:56:37]} bxc6 {[%clk 1:46:45]} 11. Na4 {[%clk
1:56:00]} Qa5 {[%clk 1:44:43]} 12. c3 {[%clk 1:53:43]} Nd7 {[%clk 1:42:38]} 13.
b4 {[%clk 1:51:49]} Qd8 {[%clk 1:42:38]} 14. Qd2 {[%clk 1:50:42]} Re8 {[%clk
1:36:33]} 15. Bh6 {[%clk 1:46:53]} Bh8 {[%clk 1:30:06]} 16. f4 {[%clk 1:45:52]}
e6 {[%clk 1:25:04]} 17. Bg5 {[%clk 1:44:26]} Qc7 {[%clk 1:22:12]} 18. Bg4 {[%clk
1:39:07]} a5 {[%clk 1:14:35]} 19. a3 {[%clk 1:36:11]} Ba6 {[%clk 1:08:50]} 20.
Rfe1 {[%clk 1:33:42]} Bb5 {[%clk 1:00:49]} 21. Nb2 {[%clk 1:32:51]} axb4 {[%clk
0:59:04]} 22. axb4 {[%clk 1:32:31]} c5 {[%clk 0:41:04]} 23. bxc5 {[%clk 1:24:36]}
Nxc5 {[%clk 0:40:50]} 24. Rxa8 {[%clk 1:23:52]} Rxa8 {[%clk 0:40:50]} 25. dxc5
{[%clk 1:18:16]} Qxc5+ {[%clk 0:40:11]} 26. Qe3 {[%clk 1:12:01]} d4 {[%clk
0:24:28]} 27. Nd3 {[%clk 1:06:54]} Qxg5 {[%clk 0:20:52]} 28. Qh3 {[%clk 1:02:55]}
Qf6 {[%clk 0:16:42]} 29. Ne5 {[%clk 1:00:31]} Qxf4 {[%clk 0:13:51]} 30. Nxf7
{[%clk 0:58:33]} Ra2 {[%clk 0:12:13]} 31. Nh6+ {[%clk 0:56:27]} Kg7 {[%clk
0:11:21]} 32. Bf3 {[%clk 0:55:11]} Bc4 {[%clk 0:07:31]} 33. Ng4 {[%clk 0:54:30]}
Rc2 {[%clk 0:05:33]} 34. Qh4 {[%clk 0:53:54]} h5 {[%clk 0:04:35]} 35. Qe7+ {[%clk
0:49:03]} Qf7 {[%clk 0:04:17]} 36. Qc5 {[%clk 0:46:59]} hxg4 {[%clk 0:03:42]} 37.
Qxd4+ {[%clk 0:46:53]} Kh7 {[%clk 0:02:23]} 38. Qxc4 {[%clk 0:46:12]} gxf3 {[%clk
0:01:54]} 39. Qh4+ {[%clk 0:45:41]} Kg8 {[%clk 0:01:17]} 40. Rd1 {[%clk 0:44:16]}
Rxg2+ {[%clk 0:00:22]} 41. Kh1 {[%clk 0:44:09]} Bg7 {[%clk 0:00:01]} 42. Qd8+
{[%clk 0:41:29]} Bf8 {[%clk 0:29:36]} 43. Qc8 {[%clk 1:11:14]} Qf5 {[%clk
0:28:26]} 44. Rf1 {[%clk 1:10:01]} Qh3 {[%clk 0:27:49]} 45. Qc7 {[%clk 1:09:45]}
Rxh2+ {[%clk 0:26:43]} 0-1

[Event "US Amateur Team West Championship"]
[Site "chess24.com"]
[Date "2020.02.16"]
[Round "3"]
[White "Taghizadeh, Rayan"]
[Black "Eswaran, Aksithi"]
[Result "1-0"]
[Board "3"]
[WhiteFideId "2054019"]
[WhiteTitle "FM"]
[WhiteElo "2311"]
[WhiteCountry "USA"]
[WhiteEloChange "2"]
[BlackFideId "2083485"]
[BlackTitle "WCM"]
[BlackElo "1745"]
[BlackCountry "USA"]
[BlackEloChange "-2"]

1. d4 {[%clk 1:49:02]} d5 {[%clk 2:00:00]} 2. Nf3 {[%clk 1:49:02]} Nf6 {[%clk
2:00:00]} 3. Bf4 {[%clk 1:49:02]} e6 {[%clk 2:00:00]} 4. e3 {[%clk 1:49:02]} c5
{[%clk 1:59:58]} 5. Nbd2 {[%clk 1:48:59]} Nc6 {[%clk 1:59:57]} 6. c3 {[%clk
1:48:52]} Bd6 {[%clk 1:59:57]} 7. Bg3 {[%clk 1:48:52]} O-O {[%clk 1:58:54]} 8.
Bb5 {[%clk 1:48:52]} Qe7 {[%clk 1:53:31]} 9. Ne5 {[%clk 1:44:26]} Bd7 {[%clk
1:50:51]} 10. Bd3 {[%clk 1:41:15]} Be8 {[%clk 1:32:14]} 11. Qb1 {[%clk 1:36:59]}
Qc7 {[%clk 1:26:21]} 12. Ndf3 {[%clk 1:32:33]} h6 {[%clk 1:18:51]} 13. Nxc6
{[%clk 1:22:15]} Qxc6 {[%clk 1:18:29]} 14. Ne5 {[%clk 1:19:46]} Qc7 {[%clk
1:09:54]} 15. Nf3 {[%clk 1:09:31]} Bxg3 {[%clk 1:02:47]} 16. hxg3 {[%clk
1:09:21]} Nd7 {[%clk 0:58:31]} 17. g4 {[%clk 1:05:05]} e5 {[%clk 0:54:01]} 18.
dxe5 {[%clk 1:02:51]} Nxe5 {[%clk 0:53:56]} 19. g5 {[%clk 1:02:40]} Nxf3+ {[%clk
0:53:56]} 20. gxf3 {[%clk 1:02:40]} d4 {[%clk 0:53:56]} 21. gxh6 {[%clk 1:00:57]}
g6 {[%clk 0:53:56]} 22. cxd4 {[%clk 0:56:00]} cxd4 {[%clk 0:53:56]} 23. Qc1
{[%clk 0:54:15]} Qe5 {[%clk 0:53:56]} 24. e4 {[%clk 0:46:31]} Kh7 {[%clk
0:53:56]} 25. Qd2 {[%clk 0:43:48]} Rc8 {[%clk 0:53:56]} 26. f4 {[%clk 0:38:56]}
Qe7 {[%clk 0:53:56]} 27. f3 {[%clk 0:37:37]} Bc6 {[%clk 0:53:56]} 28. Kf2 {[%clk
0:37:03]} Rg8 {[%clk 0:53:56]} 29. Rag1 {[%clk 0:33:33]} Rce8 {[%clk 0:53:56]}
30. Rg5 {[%clk 0:29:09]} Qe6 {[%clk 0:53:56]} 31. b3 {[%clk 0:27:23]} Rgf8 {[%clk
0:53:56]} 32. Bc4 {[%clk 0:20:17]} Qd7 {[%clk 0:53:56]} 33. f5 {[%clk 0:19:09]}
Qd6 {[%clk 0:53:56]} 34. Bxf7 {[%clk 0:17:58]} Rxf7 {[%clk 0:53:56]} 35. fxg6+
{[%clk 0:15:58]} Kh8 {[%clk 0:53:56]} 36. gxf7 {[%clk 0:15:49]} Rf8 {[%clk
0:53:56]} 37. h7 {[%clk 0:15:35]} 1-0

[Event "US Amateur Team West Championship"]
[Site "chess24.com"]
[Date "2020.02.16"]
[Round "3"]
[White "Uzzaman, Ashik"]
[Black "Lemkin, Ben"]
[Result "1-0"]
[Board "4"]
[WhiteFideId "2087316"]
[WhiteElo "1864"]
[WhiteCountry "USA"]
[WhiteEloChange "2"]
[BlackFideId "30965098"]
[BlackElo "1524"]
[BlackCountry "USA"]
[BlackEloChange "-2"]

1. e4 {[%clk 1:50:52]} e5 {[%clk 1:59:59]} 2. f4 {[%clk 1:50:47]} exf4 {[%clk
1:59:52]} 3. Nf3 {[%clk 1:50:47]} Nc6 {[%clk 1:59:03]} 4. d4 {[%clk 1:50:47]} d6
{[%clk 1:57:00]} 5. Bxf4 {[%clk 1:50:36]} Nge7 {[%clk 1:53:11]} 6. Nc3 {[%clk
1:48:40]} Ng6 {[%clk 1:49:55]} 7. Bg3 {[%clk 1:48:38]} Nce7 {[%clk 1:46:56]} 8.
Bc4 {[%clk 1:48:15]} c6 {[%clk 1:42:29]} 9. O-O {[%clk 1:46:14]} d5 {[%clk
1:38:41]} 10. exd5 {[%clk 1:46:14]} Nxd5 {[%clk 1:36:27]} 11. Bxd5 {[%clk
1:45:59]} cxd5 {[%clk 1:36:14]} 12. Nb5 {[%clk 1:45:47]} Kd7 {[%clk 1:23:20]} 13.
Qd3 {[%clk 1:40:53]} a6 {[%clk 1:16:33]} 14. Nc7 {[%clk 1:40:17]} Ra7 {[%clk
1:14:17]} 15. Nxd5 {[%clk 1:39:58]} Bd6 {[%clk 1:11:31]} 16. Ne5+ {[%clk
1:38:54]} Nxe5 {[%clk 1:07:18]} 17. dxe5 {[%clk 1:38:52]} Bc5+ {[%clk 1:06:33]}
18. Kh1 {[%clk 1:38:31]} Ke8 {[%clk 1:01:19]} 19. Rad1 {[%clk 1:37:27]} Be6
{[%clk 0:56:20]} 20. Nf6+ {[%clk 1:27:51]} Ke7 {[%clk 0:55:58]} 21. Qc3 {[%clk
1:27:14]} Qc8 {[%clk 0:49:52]} 22. Bh4 {[%clk 1:26:15]} Kf8 {[%clk 0:31:24]} 23.
Qxc5+ {[%clk 1:25:55]} Qxc5 {[%clk 0:29:59]} 24. Rd8+ {[%clk 1:25:55]} Ke7 {[%clk
0:29:42]} 25. Nd5# {[%clk 1:25:55]} 1-0

[Event "US Amateur Team West Championship"]
[Site "chess24.com"]
[Date "2020.02.16"]
[Round "3"]
[White "Arne, Mike"]
[Black "Wang, Henry"]
[Result "1/2-1/2"]
[Board "1"]
[WhiteFideId "2006880"]
[WhiteElo "2045"]
[WhiteCountry "USA"]
[BlackFideId "30927080"]
[BlackElo "2035"]
[BlackCountry "USA"]

1. d4 {[%clk 2:00:00]} d5 {[%clk 2:00:00]} 2. c4 {[%clk 2:00:00]} e6 {[%clk
2:00:00]} 3. Nc3 {[%clk 1:59:48]} Nf6 {[%clk 2:00:00]} 4. cxd5 {[%clk 1:59:40]}
exd5 {[%clk 2:00:00]} 5. Bg5 {[%clk 1:59:01]} Be7 {[%clk 1:59:57]} 6. e3 {[%clk
1:57:17]} c6 {[%clk 1:59:57]} 7. Bd3 {[%clk 1:57:08]} Nbd7 {[%clk 1:59:57]} 8.
Qc2 {[%clk 1:56:29]} h6 {[%clk 1:59:57]} 9. Bh4 {[%clk 1:56:03]} Nh5 {[%clk
1:59:57]} 10. Bxe7 {[%clk 1:55:55]} Qxe7 {[%clk 1:59:57]} 11. Nge2 {[%clk
1:55:45]} Nb6 {[%clk 1:58:59]} 12. O-O-O {[%clk 1:54:17]} Be6 {[%clk 1:56:26]}
13. Kb1 {[%clk 1:53:37]} O-O-O {[%clk 1:56:15]} 14. Rc1 {[%clk 1:53:12]} Kb8
{[%clk 1:55:42]} 15. Na4 {[%clk 1:51:47]} Nxa4 {[%clk 1:47:37]} 16. Qxa4 {[%clk
1:51:47]} Rc8 {[%clk 1:47:06]} 17. Rc3 {[%clk 1:50:52]} Rc7 {[%clk 1:46:24]} 18.
Rhc1 {[%clk 1:50:01]} Rhc8 {[%clk 1:45:54]} 19. Ka1 {[%clk 1:43:55]} Nf6 {[%clk
1:38:37]} 20. Qa5 {[%clk 1:31:23]} Ng4 {[%clk 1:34:25]} 21. Ra3 {[%clk 1:30:22]}
b6 {[%clk 1:32:25]} 22. Qe1 {[%clk 1:28:46]} Qh4 {[%clk 1:24:37]} 23. Ba6 {[%clk
1:24:29]} Re8 {[%clk 1:23:13]} 24. f3 {[%clk 0:51:34]} Qxe1 {[%clk 1:23:13]} 25.
Rxe1 {[%clk 0:51:34]} Nf6 {[%clk 1:23:13]} 26. Ng3 {[%clk 0:51:28]} h5 {[%clk
1:18:40]} 27. h4 {[%clk 0:50:05]} g6 {[%clk 1:14:59]} 28. Rc3 {[%clk 0:47:04]}
Bc8 {[%clk 1:13:12]} 29. Bxc8 {[%clk 0:44:33]} Kxc8 {[%clk 1:11:38]} 30. Kb1
{[%clk 0:43:57]} Re6 {[%clk 1:05:04]} 31. Kc2 {[%clk 0:43:02]} Ne8 {[%clk
0:59:24]} 32. Kd2 {[%clk 0:41:34]} Nd6 {[%clk 0:58:30]} 33. b3 {[%clk 0:41:30]}
Nb5 {[%clk 0:53:21]} 34. Rd3 {[%clk 0:39:05]} Kb7 {[%clk 0:45:27]} 35. Re2 {[%clk
0:19:05]} f5 {[%clk 0:38:34]} 36. f4 {[%clk 0:11:31]} c5 {[%clk 0:37:36]} 37.
dxc5 {[%clk 0:09:15]} Rxc5 {[%clk 0:37:34]} 38. a4 {[%clk 0:06:57]} Nd6 {[%clk
0:37:14]} 39. Rc3 {[%clk 0:05:36]} Re7 {[%clk 0:33:35]} 40. Rxc5 {[%clk 0:04:52]}
bxc5 {[%clk 0:32:08]} 41. Kd3 {[%clk 0:28:37]} Kc6 {[%clk 1:01:38]} 42. Rc2
{[%clk 0:27:20]} Rb7 {[%clk 1:01:07]} 43. Kc3 {[%clk 0:25:59]} Rb4 {[%clk
1:00:37]} 44. Ne2 {[%clk 0:23:09]} Re4 {[%clk 0:56:45]} 45. Kd2 {[%clk 0:21:23]}
a5 {[%clk 0:51:37]} 46. Nd4+ {[%clk 0:19:25]} Kb6 {[%clk 0:51:08]} 47. Nf3 {[%clk
0:18:39]} Rb4 {[%clk 0:50:39]} 48. Ne5 {[%clk 0:15:58]} Ne4+ {[%clk 0:47:14]} 49.
Ke2 {[%clk 0:15:50]} Rxb3 {[%clk 0:46:33]} 50. Nxg6 {[%clk 0:15:06]} Nc3+ {[%clk
0:41:12]} 51. Kd2 {[%clk 0:14:35]} Ne4+ {[%clk 0:37:59]} 52. Ke2 {[%clk 0:14:34]}
d4 {[%clk 0:37:24]} 53. exd4 {[%clk 0:14:32]} cxd4 {[%clk 0:36:53]} 54. Ne5
{[%clk 0:14:28]} Re3+ {[%clk 0:36:35]} 55. Kf1 {[%clk 0:12:24]} d3 {[%clk
0:34:57]} 56. Nc4+ {[%clk 0:12:22]} Kc5 {[%clk 0:32:19]} 57. Nxe3+ {[%clk
0:12:19]} dxc2 {[%clk 0:32:19]} 58. Nxc2 {[%clk 0:12:15]} Nc3 {[%clk 0:31:44]}
59. Ne3 {[%clk 0:11:15]} Nxa4 {[%clk 0:31:15]} 60. Nxf5 {[%clk 0:11:14]} Nc3
{[%clk 0:30:25]} 61. Ke1 {[%clk 0:06:32]} Nd5 {[%clk 0:29:48]} 62. g3 {[%clk
0:06:31]} Kc4 {[%clk 0:28:37]} 63. Kd2 {[%clk 0:05:49]} Kb3 {[%clk 0:28:18]} 64.
Nd4+ {[%clk 0:05:11]} Kc4 {[%clk 0:26:44]} 65. Nc2 {[%clk 0:04:25]} a4 {[%clk
0:26:27]} 66. f5 {[%clk 0:04:10]} Kb3 {[%clk 0:25:45]} 67. Kd3 {[%clk 0:03:05]}
Kb2 {[%clk 0:24:11]} 68. Ne3 {[%clk 0:02:14]} Nxe3 {[%clk 0:22:06]} 69. Kxe3
{[%clk 0:02:14]} a3 {[%clk 0:21:58]} 70. f6 {[%clk 0:02:14]} a2 {[%clk 0:21:58]}
71. f7 {[%clk 0:02:14]} a1Q {[%clk 0:21:58]} 72. f8Q {[%clk 0:02:14]} Qe1+ {[%clk
0:21:26]} 73. Kd4 {[%clk 0:02:14]} Qxg3 {[%clk 0:20:48]} 74. Qb4+ {[%clk
0:01:51]} Kc2 {[%clk 0:20:33]} 75. Qc5+ {[%clk 0:01:51]} Kb2 {[%clk 0:18:38]} 76.
Qxh5 {[%clk 0:01:51]} Qd6+ {[%clk 0:18:21]} 77. Ke4 {[%clk 0:01:49]} Qc6+ {[%clk
0:18:13]} 78. Qd5 {[%clk 0:01:40]} Qg6+ {[%clk 0:18:08]} 79. Kf4 {[%clk 0:01:40]}
Qf6+ {[%clk 0:17:50]} 80. Kg4 {[%clk 0:01:40]} Qg6+ {[%clk 0:17:50]} 81. Qg5
{[%clk 0:01:40]} Qe4+ {[%clk 0:17:50]} 82. Kh5 {[%clk 0:01:40]} Qh7+ {[%clk
0:17:44]} 83. Qh6 {[%clk 0:01:40]} Qf5+ {[%clk 0:17:44]} 84. Qg5 {[%clk 0:01:40]}
Qh7+ {[%clk 0:17:44]} 85. Qh6 {[%clk 0:01:37]} Qf5+ {[%clk 0:17:44]} 86. Qg5
{[%clk 0:01:37]} 1/2-1/2

[Event "US Amateur Team West Championship"]
[Site "chess24.com"]
[Date "2020.02.16"]
[Round "3"]
[White "Cheng, Daniel"]
[Black "Splane, Mike"]
[Result "1-0"]
[Board "2"]
[WhiteFideId "30940109"]
[WhiteElo "2003"]
[WhiteCountry "USA"]
[WhiteEloChange "13"]
[BlackFideId "2006391"]
[BlackElo "2101"]
[BlackCountry "USA"]
[BlackEloChange "-13"]

1. d4 {[%clk 1:52:35]} Nf6 {[%clk 1:59:37]} 2. c4 {[%clk 1:52:35]} c5 {[%clk
1:59:30]} 3. d5 {[%clk 1:52:35]} d6 {[%clk 1:59:26]} 4. Nc3 {[%clk 1:52:35]} g6
{[%clk 1:59:22]} 5. e4 {[%clk 1:52:27]} Bg7 {[%clk 1:59:01]} 6. Nf3 {[%clk
1:52:13]} O-O {[%clk 1:58:14]} 7. h3 {[%clk 1:51:01]} e6 {[%clk 1:56:55]} 8. Bd3
{[%clk 1:50:39]} exd5 {[%clk 1:56:41]} 9. exd5 {[%clk 1:50:31]} Re8+ {[%clk
1:56:29]} 10. Be3 {[%clk 1:50:31]} Nh5 {[%clk 1:56:03]} 11. O-O {[%clk 1:49:51]}
Ng3 {[%clk 1:55:41]} 12. Bg5 {[%clk 1:43:46]} f6 {[%clk 1:55:31]} 13. Bxf6 {[%clk
1:37:23]} Bxf6 {[%clk 1:55:19]} 14. fxg3 {[%clk 1:37:23]} Nd7 {[%clk 1:53:10]}
15. Qc2 {[%clk 1:32:43]} Kg7 {[%clk 1:48:04]} 16. Ne4 {[%clk 1:29:32]} Ne5 {[%clk
1:47:16]} 17. Nxf6 {[%clk 1:28:16]} Qxf6 {[%clk 1:46:47]} 18. Nxe5 {[%clk
1:28:15]} Qxe5 {[%clk 1:46:33]} 19. Qf2 {[%clk 1:28:15]} Qe3 {[%clk 1:44:50]} 20.
Rae1 {[%clk 1:06:41]} Qxf2+ {[%clk 1:44:42]} 21. Kxf2 {[%clk 1:06:41]} Bd7 {[%clk
1:44:23]} 22. g4 {[%clk 1:04:47]} h6 {[%clk 1:39:09]} 23. Kg3 {[%clk 0:59:02]} a6
{[%clk 1:37:42]} 24. h4 {[%clk 0:45:11]} b6 {[%clk 1:37:05]} 25. g5 {[%clk
0:42:19]} hxg5 {[%clk 1:36:02]} 26. hxg5 {[%clk 0:42:07]} b5 {[%clk 1:35:45]} 27.
b3 {[%clk 0:41:14]} b4 {[%clk 1:35:19]} 28. Bb1 {[%clk 0:40:15]} a5 {[%clk
1:34:29]} 29. Rxe8 {[%clk 0:37:25]} Bxe8 {[%clk 1:34:12]} 30. Rf6 {[%clk
0:35:00]} Ra6 {[%clk 1:32:24]} 31. Bc2 {[%clk 0:34:50]} Bf7 {[%clk 1:32:14]} 32.
Kf4 {[%clk 0:34:08]} Rb6 {[%clk 1:31:52]} 33. Ke3 {[%clk 0:33:41]} Ra6 {[%clk
1:31:36]} 34. Kd2 {[%clk 0:33:41]} Rb6 {[%clk 1:31:33]} 35. Kc1 {[%clk 0:33:19]}
Ra6 {[%clk 1:31:33]} 36. Bd1 {[%clk 0:33:09]} Rb6 {[%clk 1:30:42]} 37. Bg4 {[%clk
0:32:12]} Ra6 {[%clk 1:30:36]} 38. Bd7 {[%clk 0:31:56]} Rb6 {[%clk 1:30:01]} 39.
Bc6 {[%clk 0:31:42]} Rb8 {[%clk 1:29:09]} 40. Rxd6 {[%clk 0:31:20]} Rh8 {[%clk
1:29:05]} 41. Rf6 {[%clk 0:31:08]} Rh1+ {[%clk 1:27:45]} 42. Kc2 {[%clk 0:29:30]}
Ra1 {[%clk 1:25:23]} 43. d6 {[%clk 0:26:57]} Rxa2+ {[%clk 1:24:42]} 44. Kd3
{[%clk 0:26:57]} Ra1 {[%clk 1:21:39]} 45. d7 {[%clk 0:26:30]} Rd1+ {[%clk
1:21:14]} 46. Kc2 {[%clk 0:26:30]} Rd4 {[%clk 1:20:55]} 47. Kc1 {[%clk 0:26:22]}
Bxc4 {[%clk 1:19:46]} 48. bxc4 {[%clk 0:25:31]} Rxc4+ {[%clk 1:19:46]} 49. Kb1
{[%clk 0:25:07]} Rd4 {[%clk 1:19:43]} 50. Re6 {[%clk 0:25:05]} 1-0